000 00287nam a22001337a 4500
008 171016b xxu||||| |||| 00| 0 eng d
020 _a0268007438
041 _aeng
080 _a33
100 _a52
101 _aEKO
245 _aPOVERTY OF ECONOMICS
_cWILBER,CH,K
942 _2udc
_cBK
999 _c34057
_d34057